000 03780nam0a2200505 4500
001 RU\NLR\BIBL_A\011210131
005 20260408124106.0
020 _aRU
_9От Февраля к Октябрю: коллекция листовок/Рос. нац. б-ка
035 _a(NLR Aleph) 011210131
090 _a11967523
_c11967523
100 _a20160908d1917 |||y0rusy50 ca
101 0 _arus
102 _aRU
105 _ay z 000yy
135 _acrcn 024apada
200 1 _aВсем гражданам Сапожковского уезда. Наша родина на заре новой свободной жизни пережила уже не мало испытаний...
_e[листовка]
210 _aСапожок [Рязанская губ.]
_cТипография Уезд. Земск. управы
_d[1917, июнь]
215 _a[1] л.
_d36х23
300 _aПодпись: и. об. Уездного комиссара Н. Бутыркин, председатель Уездного Временного исполнительного комитета Н. С. Михеев, члены комитета: А. О. Епифанов, Н. В. Кустодина, А. И. Иванов, И. П. Санфиров
300 _aКоллекция листовок "От Февраля к Октябрю" (2 экз.)
325 1 _aКопия доступна в Электронной библиотеке РНБ
327 1 _aОб неуплате земельных и земских сборов
517 1 _aНаша родина на заре новой свободной жизни пережила уже не мало испытаний
540 1 _aОб неуплате земельных и земских сборов
540 1 _aОт Февраля к Октябрю
_eлистовки
607 _aРоссия
_jЛистовки
_xИстория
_z1917
_92250871
_3RU\NLR\AUTH\661350120
686 0 _aТ3(2)524.2,011
686 0 _aТ3(2)711.1,011
686 1 _aУ42(28)1,011
702 1 _4720
_7ca
_8rus
_aБутыркин
_bН. И.
_cучастник местного самоуправления, агроном
_9162615
_3RU\NLR\AUTH\770162659
702 1 _4720
_7ca
_8rus
_aМихеев
_bН. С.
_cдеятель местного самоуправления, председатель исполнит. комитета
_9162830
_3RU\NLR\AUTH\770162874
702 1 _4720
_7ca
_8rus
_aЕпифанов
_bА. О.
_cучастник местного самоуправления, член исполнит. комитета
_9162839
_3RU\NLR\AUTH\770162883
702 1 _4720
_7ca
_8rus
_aКустодина
_bН. В.
_cучастник местного самоуправления, член исполнит. комитета
_9162842
_3RU\NLR\AUTH\770162886
702 1 _4720
_7ca
_8rus
_aИванов
_bА. И.
_cучастник местного самоуправления, член исполнит. комитета
_9162845
_3RU\NLR\AUTH\770162889
702 1 _4720
_7ca
_8rus
_aСанфиров
_bИ. П.
_cучастник местного самоуправления, член исполнит. комитета
_9162851
_3RU\NLR\AUTH\770162895
712 0 2 _4570
_aСапожковский уездный комиссар
_3RU\NLR\AUTH\880432763
_9529901
852 0 0 _aNLR
_bФл
_jXI/53
942 _cBOOK
980 _aNB
981 4 2 _a(42) 1917: от Февраля к Октябрю
_b(42) Листовки 1917 года
981 2 2 _a(22) Материалы по истории России
_b(22) История России с 25 октября (7 ноября) 1917 года